Ohio Valley Logo Quiz - Statistics

General Stats
  • This quiz has been taken 9 times
  • The average score is 4 of 11
Answer Stats
Picture Answer % Correct
Southern Indiana
88%
Tennessee State
75%
Eastern Illinois
50%
Western Illinois
50%
UT Martin
38%
Lindenwood
25%
Little Rock
25%
Morehead State
25%
Southeast Missouri State
25%
Tennessee Tech
25%
SIU Edwardsville
13%
No matching quizzes found
Score Distribution
Percent of People with Each Score
Percentile by Number Answered
Your Score History
You have not taken this quiz